| 000 | 00678nam a22001937a 4500 | ||
|---|---|---|---|
| 999 |
_c13434 _d13434 |
||
| 003 | AR-CdUCM | ||
| 008 | 190415b ||||| |||| 00| 0 spa d | ||
| 040 |
_aMUNICIPALIDAD PROVINCIAL DEL CUSCO _cBIBLIOTECA MUNICIPAL DEL CUSCO |
||
| 082 |
_a364.3 / _bF39 |
||
| 100 |
_aFerry, Enrrique _931853 |
||
| 245 | _aNuevos estudios de antropología criminal / | ||
| 260 | _aMadrid : | ||
| 300 |
_a292 paginas ; _c15 cm. |
||
| 505 | _aContenido :Educación ambiental y criminalidad --La escuela criminalistica positiva --La escuela criminalistica positiva ... | ||
| 650 |
_aCriminalistica _931854 |
||
| 650 |
_aAntropologia _9878 |
||
| 942 |
_2ddc _cLIBROS |
||
| 945 |
_arjall _d2019_04-15 |
||